Guess the Taylor Swift Song (no hints) 186 - Statistics

General Stats
  • This quiz has been taken 59 times
  • The average score is 529 of 673
Answer Stats
Answer % Correct
a
97%
be
97%
be)
97%
(be
97%
I
97%
(I
97%
the
97%
The
97%
and
95%
And
95%
do
95%
do)
95%
don't
95%
in
95%
to
95%
too
95%
when
95%
you
95%
you,
95%
You
95%
(you
95%
you)
95%
your
95%
go,
92%
I'm
92%
is,
92%
is
92%
it,
92%
it
92%
Just
92%
just
92%
like
92%
Like
92%
like,
92%
me,
92%
me
92%
me)
92%
(me
92%
not
92%
of
92%
that
92%
what
92%
where
92%
on
89%
so
89%
So
89%
they
89%
we
89%
We
89%
are
86%
But
86%
but
86%
for
86%
For
86%
it's
86%
It's
86%
know
86%
love
86%
my
86%
with
86%
With
86%
all
84%
can't
84%
wanna
84%
(wanna
84%
were
84%
first
81%
(first
81%
girl,
81%
got
81%
now)
81%
one
81%
see)
81%
some
81%
this
81%
about
78%
end
78%
I'll
78%
I've
78%
say
78%
say)
78%
say,
78%
was
78%
been
76%
'cause
76%
endgame
76%
endgame,
76%
(endgame)
76%
never
76%
oh
76%
(oh,
76%
bad
73%
her
73%
(yeah)
73%
(yeah),
73%
yeah
73%
ah
70%
from
70%
over
70%
up
70%
Big
68%
big
68%
down
68%
heard
68%
reputation,
68%
reputation
68%
Reputation
68%
Knew
65%
string
65%
string)
65%
that's
65%
A-Team
62%
(A-Team)
62%
conversation,
62%
ex
62%
girls
62%
ones
62%
play
62%
reputations,
62%
touch
62%
young
62%
You've
62%
ain't
59%
another
59%
enemies
59%
eyes
59%
four
59%
Fourth
59%
good
59%
July
59%
something
59%
beach
57%
hurt
57%
life
57%
made
57%
miss
57%
need
57%
Ooh,
57%
ooh
57%
other
57%
type
57%
way
57%
we'd
57%
couldn't
54%
drama,
54%
Even
54%
let
54%
most
54%
told
54%
tryna
54%
A-Side
51%
bit
51%
Both
51%
both
51%
boy
51%
call
51%
dope,
51%
Drinkin'
51%
here's
51%
keep
51%
lips
51%
loves
51%
older
51%
overdose
51%
put
51%
red
51%
truth
51%
away,
49%
born
49%
crazy
49%
hold
49%
little
49%
precede
49%
soul
49%
swear
49%
After
46%
days
46%
deny
46%
long
46%
persona,
46%
protect
46%
storm,
46%
believe
43%
boat
43%
body
43%
bury
43%
'em
43%
gold
43%
handprint's
43%
hard
43%
issues
43%
mistakes,
43%
shoulders
43%
sprung,
43%
tip
43%
toast
43%
tongue
43%
tricks
43%
(whoa
43%
whoa,
43%
whoa)
43%
"Bang"
41%
beautiful
41%
chips
41%
come
41%
forget
41%
hatchets
41%
hit
41%
insecurities
41%
paranoia,
41%
precedes
41%
Reconnected
41%
tried
41%
whenever
41%
words
41%
argue,
38%
bluff
38%
calling
38%
ignore
38%
knee-deep
38%
liquor,
38%
maps
38%
song
38%
stoked,
38%
understand
38%
choices
35%
ease
35%
rumors
35%
usual
35%
easier
32%
without
32%
flaws,
30%
G5
30%
(hey)
30%
traits,
30%
whippin'
30%
fun,
27%
Ghost
27%
passed
27%
No matching quizzes found
Score Distribution
Percent of People with Each Score
Percentile by Number Answered
Your Score History
You have not taken this quiz